书目信息 |
| 题名: |
天文普及年历
|
|
| 作者: | ;紫金山天文台 , 北京天文馆 编 | |
| 分册: | 1984 | |
| 出版信息: | 北京 科学出版社 1983 |
|
| 页数: | 184页 | |
| 开本: | 19cm | |
| 丛书名: | ||
| 单 册: | ||
| 中图分类: | P197.1 | |
| 科图分类: | ||
| 主题词: | 天文年历--中国--1984 | |
| 电子资源: | ||
| ISBN: | ||
| 000 | 00723nam0 2200253 45 | |
| 001 | 0183006461 | |
| 005 | 20040520164539.5 | |
| 010 | @dCNY0.75 | |
| 091 | @a13031.2433 | |
| 100 | @a19950314d1983 em y0chiy0121 ea | |
| 101 | 0 | @achi |
| 102 | @aCN@b110000 | |
| 105 | @ay z 000yy | |
| 106 | @ar | |
| 200 | 10 | @a天文普及年历@Atian wen pu ji nian li@h1984@f紫金山天文台,北京天文馆编 |
| 210 | @a北京@c科学出版社@d1983 | |
| 215 | @a184页@d19cm | |
| 606 | @a天文年历@y中国@z1984 | |
| 690 | @aP197.1@v3 | |
| 711 | 02 | @a紫金山天文台@Azi jin shan tian wen tai@4编 |
| 711 | 02 | @a北京天文馆@Abei jing tian wen guan@4编 |
| 801 | 0 | @aCN@b上海图书馆@c20040520 |
| 801 | 2 | @aCN@bNLC@c20040520 |
| 905 | @f2@b97754-755@dP197.1@e18 | |
| 天文普及年历.1984/紫金山天文台,北京天文馆编.-北京:科学出版社,1983 |
| 184页;19cm |
| ISBN :CNY0.75 |
| ● |
| 相关链接 |
|
|
|
|
正题名:天文普及年历
索取号:P197.1/18
 
预约/预借
| 序号 | 登录号 | 条形码 | 馆藏地/架位号 | 状态 | 备注 |
| 1 | 0097754 | 000628164 | 第三借阅区/ [索取号:P197.1/18] | 在馆 | |
| 2 | 0097755 | 000628182 | 第三借阅区/ [索取号:P197.1/18] | 在馆 | |
| 3 | 0097756 | 000628173 | 第二样本阅览室/ [索取号:P197.1/18] | 在馆 |